<?xml version="1.0" encoding="UTF-8"?>
<record
    xmlns:xsi="http://www.w3.org/2001/XMLSchema-instance"
    xsi:schemaLocation="http://www.loc.gov/MARC21/slim http://www.loc.gov/standards/marcxml/schema/MARC21slim.xsd"
    xmlns="http://www.loc.gov/MARC21/slim">

  <leader>00716aam a2200229   4500</leader>
  <controlfield tag="005">20170127091209.0</controlfield>
  <controlfield tag="008">150507b        xxu||||| |||| 00| 0 spa d</controlfield>
  <datafield tag="041" ind1=" " ind2=" ">
    <subfield code="a">spa</subfield>
  </datafield>
  <datafield tag="082" ind1=" " ind2=" ">
    <subfield code="a">1.0.61 P981t</subfield>
  </datafield>
  <datafield tag="100" ind1=" " ind2=" ">
    <subfield code="a">Pulido Fern&#xE1;ndez, Juan Ignacio</subfield>
    <subfield code="9">37317</subfield>
  </datafield>
  <datafield tag="245" ind1=" " ind2=" ">
    <subfield code="a">El turismo rural: estructura econ&#xF3;mica y configuraci&#xF3;n territorial en Espa&#xF1;a</subfield>
  </datafield>
  <datafield tag="260" ind1=" " ind2=" ">
    <subfield code="a">Espa&#xF1;a</subfield>
    <subfield code="b">Sintesis</subfield>
  </datafield>
  <datafield tag="300" ind1=" " ind2=" ">
    <subfield code="a">345 p&#xE1;ginas </subfield>
  </datafield>
  <datafield tag="650" ind1=" " ind2=" ">
    <subfield code="a">TURISMO RURAL</subfield>
    <subfield code="9">1917</subfield>
  </datafield>
  <datafield tag="650" ind1=" " ind2=" ">
    <subfield code="a">DESARROLLO LOCAL</subfield>
    <subfield code="9">9699</subfield>
  </datafield>
  <datafield tag="650" ind1=" " ind2=" ">
    <subfield code="a">DESTINOS TUR&#xCD;STICOS</subfield>
    <subfield code="9">1083</subfield>
  </datafield>
  <datafield tag="650" ind1=" " ind2=" ">
    <subfield code="a">ORDENACI&#xD3;N JUR&#xCD;DICA</subfield>
    <subfield code="9">37318</subfield>
  </datafield>
  <datafield tag="650" ind1=" " ind2=" ">
    <subfield code="a">ORDENACI&#xD3;N TERRITORIAL</subfield>
    <subfield code="9">22314</subfield>
  </datafield>
  <datafield tag="650" ind1=" " ind2=" ">
    <subfield code="a">ESTRUCTURA TUR&#xCD;STICA</subfield>
    <subfield code="9">37319</subfield>
  </datafield>
  <datafield tag="650" ind1=" " ind2=" ">
    <subfield code="a">MARKETING TUR&#xCD;STICO</subfield>
    <subfield code="9">1088</subfield>
  </datafield>
  <datafield tag="942" ind1=" " ind2=" ">
    <subfield code="c">BK</subfield>
  </datafield>
  <datafield tag="999" ind1=" " ind2=" ">
    <subfield code="c">5214</subfield>
    <subfield code="d">5214</subfield>
  </datafield>
  <datafield tag="952" ind1=" " ind2=" ">
    <subfield code="1">0</subfield>
    <subfield code="4">0</subfield>
    <subfield code="7">0</subfield>
    <subfield code="a">BACB</subfield>
    <subfield code="b">BACB</subfield>
    <subfield code="o">1.0.61 P981t</subfield>
    <subfield code="p">14299</subfield>
    <subfield code="w">2017-01-27</subfield>
    <subfield code="y">BK</subfield>
  </datafield>
</record>
